000 00481nam a2200169Ia 4500
003 GCL
008 140319s9999 xx 000 0 eng d
040 _aGCL /
_cGCL
082 0 4 _a305.89159
_bO K
100 1 _aO'BALLANCE, EDGAR
245 1 0 _aTHE KURDISH STRUGGLE 1920 - 1994 /
_cO'BALLANCE, EDGAR
260 _a[S.N] :
_bMACMILLAN PRESS LTD ،
_c1996
300 _a251
650 0 4 _aKURDISH - HISTORY 20TH CENTURY
650 0 4 _aMIDDLE EAST - ETHNIC RELATION
942 _2ddc
_cBK
999 _c25551
_d25551